Helping to Eliminate Poverty and Achieve Sustainable Development through public Private Partnerships in Infrastructure / (Record no. 2253)

000 -LEADER
fixed length control field 00287 a2200085 4500
082 ## - DEWEY DECIMAL CLASSIFICATION NUMBER
Classification number 338.9 HEL
245 ## - TITLE STATEMENT
Title Helping to Eliminate Poverty and Achieve Sustainable Development through public Private Partnerships in Infrastructure /
Statement of responsibility, etc. PPIAF
260 ## - PUBLICATION, DISTRIBUTION, ETC.
Date of publication, distribution, etc. 2007
300 ## - PHYSICAL DESCRIPTION
Extent 65p. ;
Other physical details ill. ;
Dimensions 30 cm
650 ## - SUBJECT ADDED ENTRY--TOPICAL TERM
Topical term or geographic name entry element Economic Crisis
Holdings
Withdrawn status Lost status Damaged status Not for loan Permanent Location Current Location Shelving location Date acquired Total Checkouts Full call number Barcode Date last seen Price effective from Koha item type
        School of Civil and Environmental Engineering (SCEE) School of Civil and Environmental Engineering (SCEE)       338.9 HEL NIT-6981 01/05/2017 01/05/2017 Book
© 2023 Central Library, National University of Sciences and Technology. All Rights Reserved.